US States by Third Largest Cities Quiz Stats

 Plays Quiz Updated Jan 30, 2017

Score 0/50 Timer 05:00
39 Plays Today
% Correct
TX
89%
FL
88.1%
OH
85%
AK
84.7%
NV
84.4%
CA
84.3%
WI
81.4%
TN
81.2%
AL
77.8%
OR
77.5%
NY
77.1%
WA
77%
AZ
76.9%
NM
73.7%
PA
72.7%
UT
71.7%
ME
71.5%
LA
70.2%
NC
69.9%
CT
66.8%
KS
65.6%
SC
64.7%
OK
64.5%
GA
64.5%
MA
64.4%
% Correct
NH
64%
IL
62.3%
WY
61.8%
IN
60.8%
KY
60.7%
IA
59.7%
CO
57.4%
MN
53.7%
AR
53.2%
NJ
53.1%
VA
51.2%
WV
48.6%
HI
48.3%
MO
45.9%
ND
43.7%
MT
40.5%
MI
40.1%
VT
40%
SD
33%
MD
32.9%
RI
31.1%
MS
30.6%
DE
28.7%
ID
27.5%
NE
26.9%

You're not logged in!

Compare scores with friends on all Sporcle quizzes.
OR
Log In

You Might Also Like...

Show Comments

Extras

Top Quizzes Today


Score Distribution

Your Account Isn't Verified!

In order to create a playlist on Sporcle, you need to verify the email address you used during registration. Go to your Sporcle Settings to finish the process.

Report this User

Report this user for behavior that violates our Community Guidelines.

Details: